Diálogos semanales con Jesús. Ciclo C: Adviento, Navidad, Cuaresma y Pascua. Libro 5
محفوظ في:
| المؤلفون الرئيسيون: | , |
|---|---|
| التنسيق: | كتاب |
| اللغة: | الإسبانية |
| منشور في: |
Pamplona
Verbo Divino
2006
|
| الطبعة: | 1a. ed |
| الموضوعات: | |
| الوسوم: |
إضافة وسم
لا توجد وسوم, كن أول من يضع وسما على هذه التسجيلة!
|
MARC
| LEADER | 00000nam a2200000 a 4500 | ||
|---|---|---|---|
| 001 | UCI2060 | ||
| 003 | CL-VaPUC | ||
| 008 | 070803e20060000SP |||||||||||||||||spa|d | ||
| 020 | |a 8481697060 | ||
| 082 | 0 | 4 | |a 264.02 |b MED |2 21 |
| 100 | |a Medina Arellano, José Antonio |e autor |9 541172 | ||
| 700 | 0 | |a Cervantes, Carmen María |e author |9 522912 | |
| 245 | 1 | 0 | |a Diálogos semanales con Jesús. Ciclo C: Adviento, Navidad, Cuaresma y Pascua. Libro 5 |
| 250 | |a 1a. ed | ||
| 300 | |a 184 p | ||
| 942 | |c BK | ||
| 945 | |d 20070803 00:00:00 |a rbrito | ||
| 260 | |a Pamplona |b Verbo Divino |c 2006 | ||
| 500 | |a Hacia una espiritualidad y formación en la Fe, encarnadas en el mundo actual y la Liturgia Dominical | ||
| 500 | |a 25 sesiones para: jóvenes, Grupos, Movimientos, Comunidades | ||
| 650 | 0 | |a Teología sistemática |9 522913 | |
| 650 | 7 | |a LITURGIA |2 CL-VaPUC |9 522914 | |
| 650 | 0 | |a Educación religiosa |9 308312 | |
| 650 | 7 | |a LECCIONARIOS |2 CL-VaPUC |9 522915 | |
| 650 | 0 | |a Año litúrgico |9 345616 | |
| 650 | 0 | |a Eucaristía |9 257336 | |
| 583 | |a last modification |c 20130402 09:36:12 |k Rodrigo Vera | ||
| 999 | |c 326707 |d 326705 | ||
| 952 | |0 0 |1 0 |4 0 |6 264_020000000000000_MED_2006 |7 0 |8 A |9 408813 |a BIBTEO |b BIBTEO |d 2019-11-22 |i 4361679 |o 264.02 MED 2006 |p 4361679 |r 2025-01-17 |w 2019-11-22 |y BK |k ICR | ||
| 952 | |0 0 |1 0 |4 0 |6 264_020000000000000_MED_2006 |7 0 |8 A |9 408814 |a BIBTEO |b BIBTEO |d 2019-11-22 |i 4569350 |o 264.02 MED 2006 |p 4569350 |r 2025-01-17 |w 2019-11-22 |y BK |k ICR | ||